Konstruktive galoistheorie
Αποθηκεύτηκε σε:
| Κύριος συγγραφέας: | |
|---|---|
| Μορφή: | Βιβλίο |
| Γλώσσα: | German |
| Δημοσίευση: |
Berlin :
Springer-Verlag,
c1987
|
| Σειρά: | Lecture notes in mathematics (Springer-Verlag)
; 1284 |
| Θέματα: | |
| Ετικέτες: |
Προσθήκη ετικέτας
Δεν υπάρχουν, Καταχωρήστε ετικέτα πρώτοι!
|
MARC
| LEADER | 00000nam a2200000 i 4500 | ||
|---|---|---|---|
| 001 | 1/27473 | ||
| 008 | 941103s1987 ger d | ||
| 020 | |a 3-540-18444-9 | ||
| 035 | |a 1993 |l 10037834 | ||
| 040 | |a GR-MY-UA |b gre |e aacr | ||
| 041 | 0 | |a ger | |
| 082 | 0 | |a 512.74 | |
| 100 | 1 | |a Matzat, B. H. |q (Bernd Heinrich) |d 1945- | |
| 245 | 1 | 0 | |a Konstruktive galoistheorie / |c B. Heinrich Matzat |
| 260 | |a Berlin : |b Springer-Verlag, |c c1987 | ||
| 300 | |a x, 286 p.; |c 25 cm. | ||
| 490 | 1 | |a Lecture notes in mathematics (Springer-Verlag) |v ; 1284 | |
| 500 | |a Includes bibliographical references and index | ||
| 650 | 0 | 0 | |a Field extensions (Mathematics) |
| 650 | 0 | 0 | |a Galois theory. |
| 830 | 0 | |a Lecture notes in mathematics (Springer-Verlag) |v ; 1284 | |
| 852 | |a INST |b SAMOS |e 19941103 |h 512.74 MAT |p 005300007569 |q 005300007569 |t BK |y 0 | ||
| 909 | |a Σ |b 029141 | ||